L'origine des célébrités - Statistiques

Statistiques générales
  • Ce quiz a été pris 123 fois
    107 depuis la dernière actualisation
  • Le résultat moyen est 8 sur 16
Statistiques - réponses
Par images Réponse % Correct
Français
87%
Algérienne
78%
Algérienne
78%
Sénégalais
63%
Américaine
51%
Américaine
51%
Jamaicain
51%
Malienne
51%
Suèdoise
49%
Libanaise
45%
Canadien
42%
Camerounais
37%
Belge
29%
Française
17%
Sud-Africaine
13%
Afro-Américaine
8%
Aucun quiz correspondant
Distribution des résultats
% des personnes avec chaque résultat
Percentile par nombre de réponses
Votre historique - résultats
Vous n’avez pas pris ce quiz depuis la dernière actualisation